| 000 | 00871nam a2200253 i 4500 | ||
|---|---|---|---|
| 003 | DO-SdBNP | ||
| 005 | 20240305131246.0 | ||
| 008 | 100406s1995 dr ac 000 0bspa d | ||
| 040 |
_aDO-SdBNP _bspa _cBNPHU _erda |
||
| 082 | 4 |
_a923.57293 _bG633G, 1995 _222 |
|
| 100 | 1 |
_aGutiérrez Félix, Euclides, _d1936- _95673 |
|
| 245 | 1 | 0 |
_aPerfil militar dominicano de Máximo Gómez / _cEuclides Gutiérrez Félix. |
| 264 | 1 |
_a[Santo Domingo] : _b[sin editora], _c[1995]. |
|
| 300 |
_a47 páginas _bilustraciones., retratos _c21 cm. |
||
| 336 |
_2rdacontent _atexto _btxt |
||
| 337 |
_2rdamedia _asin mediación _bn |
||
| 338 |
_2rdacarrier _avolumen _bnc |
||
| 504 | _aBibliografía p: 47 | ||
| 590 | _aInventariado, 2023/ YL | ||
| 600 | 1 | 0 |
_aGómez, Máximo, _d1836-1905 _912249 |
| 651 | 4 |
_aRepública Dominicana _vBiografías _91083 |
|
| 910 | _aYLockward | ||
| 942 |
_2ddc _cLF2 |
||
| 999 |
_c54696 _d54696 |
||